ბათუმის შოთა რუსთაველის სახელმწიფო უნივერსიტეტის ბიბლიოთეკა

გაზომვის მეთოდების შემმუშავებელი ამერიკული საზოგადოების (ASTM) ზოგიერთი სტანდარტული ანალიზის მიმოხილვა : (ბიბ.ჩანაწერი № 39661)

000 -ლიდერი
ფიქსირებული სიგრძის საკონტროლო ველი 01499nam a2200253Ia 4500
001 - საკონტროლო ნომერი
საკონტროლო ველი 6263
003 - საკონტროლო ნომრის იდენტიფიკატორი
საკონტროლო ველი GE_BSU
005 - ბოლო ოპერაციის თარიღი და დრო
საკონტროლო ველი 20191104165339.0
008 - ფიქსირებული სიგრძის მონაცემთა ელემენტები - ზოგადი ინფორმაცია
ფიქსირებული სიგრძის საკონტროლო ველი 181216s2013||||ge |||||||||||||| ||geo||
020 ## - წიგნის საერთაშორისო სტანდარტული ნომერი
International Standard Book Number 9789941052019
040 ## - კატალოგიზაციის წყარო
Transcribing agency GE_BSU
080 ## - უნივერსალური ათობითი კლასიფიკაციის ინდექსი
Universal Decimal Classification number 665.6(083) ა-20
100 ## - მთავარი ჩანაწერი - პიროვნების სახელი
Personal name აბშილავა, ანზორ
9 (RLIN) 5251
245 ## - ცნობა სათაურის შესახებ
Title გაზომვის მეთოდების შემმუშავებელი ამერიკული საზოგადოების (ASTM) ზოგიერთი სტანდარტული ანალიზის მიმოხილვა :
Remainder of title ნაწ. 3. დამხმ. ლიტ. ნავთობისა და გაზის სპეციალობისათვის /
Statement of responsibility, etc ანზორ აბშილავა, დავით ჩხაიძე, მადონა ლორია ; რედ. ნანა ხუნდაძე.
264 ## - წარმოების, გამოცემის, დისტრიბუციის და სხვა ცნობები
გამოცემის, წარმოების, დისტრიბუციის... ადგილი ბათუმი,
გამოცემის, წარმოების, დისტრიბუციის... თარიღი 2013.
300 ## - ფიზიკური აღწერა
Extent 54 გვ. ;
Other physical details 20 სმ.
653 ## - INDEX TERM--UNCONTROLLED
Uncontrolled term გაზომვის მეთოდები
653 ## - INDEX TERM--UNCONTROLLED
Uncontrolled term ნავთობპროდუქტები
700 ## - ADDED ENTRY--PERSONAL NAME
Personal name აბშილავა, ანზორ
Relator term ავტორი
9 (RLIN) 5252
700 ## - ADDED ENTRY--PERSONAL NAME
Personal name ჩხაიძე, დავით
Relator term ავტორი
9 (RLIN) 5253
700 ## - ADDED ENTRY--PERSONAL NAME
Personal name ლორია, მადონა
Relator term ავტორი
9 (RLIN) 5254
700 ## - ADDED ENTRY--PERSONAL NAME
Personal name ხუნდაძე, ნანა
Relator term რედაქტორი
9 (RLIN) 5255
942 ## - ADDED ENTRY ELEMENTS (KOHA)
Koha item type წიგნი
Source of classification or shelving scheme
ეგზემპლარები
ჩამოწერის სტატუსი დაკარგული ეგზემპლარის სტატუსი კლასიფიკაციის წყარო ან თაროზე გაწყობის სქემა დაზიანების სტატუსი არ გაიცემა მუდმივი მდებარეობა (დაცვის ადგილი) ამჟამინდელი ადგილსამყოფელი თაროზე განთავსების ადგილი შეძენის თარიღი სრული შენახვის შიფრი შტრიხკოდი ბოლო ოპერაციის თარიღი ეგზემპლარის მიმდევრობითი ნომერი (კეტერი?) ფასის ძალაში შესვლის თარიღი ეგზემპლარის სახეობა
          ბათუმის შოთა რუსთაველის სახელმწიფო უნივერსიტეტის მთავარი ბიბლიოთეკა ბათუმის შოთა რუსთაველის სახელმწიფო უნივერსიტეტის მთავარი ბიბლიოთეკა წიგნსაცავი 2018-12-17 665.6(083) ა-20 6744 2018-12-17 6744 2018-12-17 წიგნი